[Event "VI Open Internacional Málaga"]
[Site "Málaga ESP"]
[Date "2003.02.21"]
[Round "1.3"]
[White "Rizouk, Aimen"]
[Black "Ortega Garcia, Francisco"]
[Result "1-0"]
[WhiteElo "2519"]
[BlackElo "2506"]
[PlyCount "27"]
[EventDate "2003.02.21"]
[Source "lmi"]
[SourceDate "2003.02.28"]

1. e4 d5 2. exd5 Qxd5 3. Nc3 Qd8 4. d4 c6 5. Bc4 Nf6 6. Nf3 Nd5 7. Ne5 e6 8.
Qf3 Qf6 9. Qg3 h6 10. Ne4 Qd8 11. O-O Nd7 12. Bb3 N7f6 13. Qf3 Nxe4 14. Qxf7#
1-0

[Event "VI Open Internacional Málaga"]
[Site "Málaga ESP"]
[Date "2003.02.22"]
[Round "2.1"]
[White "Parfenov, Pavel"]
[Black "Tiviakov, Sergei"]
[Result "0-1"]
[WhiteElo "2252"]
[BlackElo "2635"]
[PlyCount "102"]
[EventDate "2003.02.21"]
[Source "lmi"]
[SourceDate "2003.02.28"]

1. d4 Nf6 2. Nf3 e6 3. Bg5 c5 4. e3 d5 5. c3 Nbd7 6. Nbd2 Be7 7. Bd3 Qc7 8. O-O
O-O 9. Qe2 b6 10. e4 dxe4 11. Nxe4 Bb7 12. dxc5 bxc5 13. c4 Rfe8 14. Rad1 h6
15. Bc1 Rad8 16. Nc3 a6 17. Rfe1 Bd6 18. Ne4 Bxe4 19. Bxe4 Ne5 20. g3 Nfd7 21.
Bb1 Nxf3+ 22. Qxf3 Ne5 23. Qe2 Nc6 24. Be3 Bf8 25. Rxd8 Rxd8 26. Rd1 g6 27.
Rxd8 Qxd8 28. Qd2 Nd4 29. Bxd4 cxd4 30. Bd3 Qb6 31. b3 Kg7 32. Qe2 Bd6 33. h4
h5 34. g4 hxg4 35. Qxg4 Qc5 36. Kg2 f5 37. Qg5 Qe5 38. Qd8 Qh2+ 39. Kf1 Qh3+
40. Ke2 Qg4+ 41. Ke1 Bf8 42. Qc7+ Kf6 43. Qg3 Qxg3 44. fxg3 a5 45. Kf2 e5 46.
Be2 e4 47. Kg2 d3 48. Bd1 Ke5 49. h5 g5 50. b4 axb4 51. Bb3 e3 0-1

[Event "VI Open Internacional Málaga"]
[Site "Málaga ESP"]
[Date "2003.02.22"]
[Round "2.2"]
[White "Korneev, Oleg"]
[Black "Olsen, Peter Erik"]
[Result "1-0"]
[WhiteElo "2613"]
[BlackElo "2270"]
[PlyCount "77"]
[EventDate "2003.02.21"]
[Source "lmi"]
[SourceDate "2003.02.28"]

1. e4 c6 2. c4 d5 3. exd5 cxd5 4. cxd5 Nf6 5. Nc3 Nxd5 6. Nf3 e6 7. Bc4 Nxc3 8.
bxc3 Be7 9. O-O O-O 10. d4 Nd7 11. Bd3 a6 12. Qc2 h6 13. Qe2 Ra7 14. Bf4 b6 15.
Rad1 Bb7 16. Bb1 Nf6 17. c4 Re8 18. Ne5 Qa8 19. f3 b5 20. c5 Bd5 21. Qc2 Kf8
22. Ng4 Rd8 23. Be5 Rad7 24. Rfe1 Qb7 25. Qd2 Ng8 26. Bh7 h5 27. Nf2 Bc6 28.
Qf4 Bf6 29. Bxg8 Bxe5 30. Rxe5 Kxg8 31. Rxh5 f6 32. Qh4 Rd5 33. Rh8+ Kf7 34.
Ne4 Rxh8 35. Qxh8 Qd7 36. Nd6+ Rxd6 37. Qh5+ Kf8 38. cxd6 Bd5 39. Rc1 1-0

[Event "VI Open Internacional Málaga"]
[Site "Málaga ESP"]
[Date "2003.02.22"]
[Round "2.3"]
[White "Amate Tortosa, Bernardo"]
[Black "Rizouk, Aimen"]
[Result "0-1"]
[WhiteElo "2251"]
[BlackElo "2519"]
[PlyCount "86"]
[EventDate "2003.02.21"]
[Source "lmi"]
[SourceDate "2003.02.28"]

1. e4 e5 2. Nf3 Nc6 3. Bb5 Nf6 4. O-O Nxe4 5. d4 Nd6 6. Bxc6 dxc6 7. dxe5 Nf5
8. Qxd8+ Kxd8 9. Nc3 Bd7 10. Ne4 h6 11. Rd1 Kc8 12. c4 b6 13. b3 Ne7 14. Nd4 c5
15. Ne2 a5 16. a4 Bf5 17. N2g3 Bg6 18. Bb2 Nf5 19. Rd2 Be7 20. Re1 Re8 21. f4
Bh4 22. Ree2 Kb7 23. Nxf5 Bxf5 24. g3 Be7 25. Kg2 Rad8 26. Kf3 h5 27. Ke3 Bg4
28. Re1 Rxd2 29. Nxd2 Rd8 30. Nf3 Bf5 31. Nd2 Rd3+ 32. Ke2 g5 33. Rf1 Rd8 34.
Rf2 gxf4 35. gxf4 Rg8 36. Nf3 Bc2 37. Nd2 Bh4 38. Rf3 Rg2+ 39. Ke3 Rxh2 40. Nf1
Rh1 41. Ke2 Bf5 42. Ne3 Rh2+ 43. Kd1 Be4 0-1

[Event "VI Open Internacional Málaga"]
[Site "Málaga ESP"]
[Date "2003.02.22"]
[Round "2.4"]
[White "Cifuentes Parada, Roberto"]
[Black "Garcia Jimenez, Francisco Javier"]
[Result "1-0"]
[WhiteElo "2506"]
[BlackElo "2185"]
[PlyCount "41"]
[EventDate "2003.02.21"]
[Source "lmi"]
[SourceDate "2003.02.28"]

1. d4 d5 2. c4 e6 3. Nf3 c6 4. Qc2 f5 5. g3 Nf6 6. Bg2 Bd6 7. O-O O-O 8. b3 Qe7
9. Ne5 Nbd7 10. Bb2 Bxe5 11. dxe5 Ng4 12. Ba3 c5 13. cxd5 Ngxe5 14. dxe6 Qxe6
15. Nc3 Kh8 16. Nd5 Qd6 17. Rfe1 Rb8 18. Ne3 Qf6 19. Bxc5 Nxc5 20. Qxc5 Be6 21.
Rac1 1-0

[Event "VI Open Internacional Málaga"]
[Site "Málaga ESP"]
[Date "2003.02.22"]
[Round "2.6"]
[White "Cramling, Pia"]
[Black "Blazquez, Denis"]
[Result "1-0"]
[WhiteElo "2492"]
[BlackElo "2178"]
[PlyCount "61"]
[EventDate "2003.02.21"]
[Source "lmi"]
[SourceDate "2003.02.28"]

1. d4 Nf6 2. Nf3 d5 3. c4 e6 4. Nc3 c6 5. Bg5 Nbd7 6. e3 Qa5 7. Nd2 Bb4 8. Qc2
O-O 9. a3 Ne4 10. Ncxe4 dxe4 11. Bh4 e5 12. O-O-O Bxd2+ 13. Rxd2 exd4 14. Rxd4
f5 15. Be2 Nc5 16. Bg3 Be6 17. Kb1 Qb6 18. Rhd1 a5 19. Rd6 Rfe8 20. Be5 a4 21.
Qc3 Re7 22. Bd4 Rc8 23. g4 Rf8 24. gxf5 Bxf5 25. Rg1 Bg6 26. h4 Rxf2 27. Qe1
Rh2 28. Rg5 Qc7 29. Bxc5 b6 30. Rxc6 Qxc6 31. Bxe7 1-0

[Event "VI Open Internacional Málaga"]
[Site "Málaga ESP"]
[Date "2003.02.22"]
[Round "2.9"]
[White "Leskovar, Matias"]
[Black "Cheparinov, Ivan"]
[Result "0-1"]
[WhiteElo "2150"]
[BlackElo "2478"]
[PlyCount "64"]
[EventDate "2003.02.21"]
[Source "lmi"]
[SourceDate "2003.02.28"]

1. e4 c5 2. Nf3 d6 3. d4 cxd4 4. Nxd4 Nf6 5. Nc3 a6 6. Be2 e6 7. Be3 Be7 8. O-O
Qc7 9. a4 O-O 10. f4 Nc6 11. Bf3 Rd8 12. Nb3 b6 13. Qe2 Rb8 14. Rad1 Bb7 15.
Qf2 Ba8 16. g4 Na5 17. g5 Nd7 18. f5 Nxb3 19. cxb3 Ne5 20. Bf4 b5 21. Bh5 exf5
22. exf5 d5 23. Ne2 d4 24. Ng3 Bd6 25. Rxd4 Bc5 26. Be3 Bxd4 27. Bxd4 bxa4 28.
g6 fxg6 29. fxg6 Rf8 30. gxh7+ Kxh7 31. Nf5 Qc6 32. Qh4 Qg2# 0-1

[Event "VI Open Internacional Málaga"]
[Site "Málaga ESP"]
[Date "2003.02.22"]
[Round "2.10"]
[White "Matamoros Franco, Carlos"]
[Black "Kierzek, Matthias"]
[Result "1-0"]
[WhiteElo "2460"]
[BlackElo "2138"]
[PlyCount "91"]
[EventDate "2003.02.21"]
[Source "lmi"]
[SourceDate "2003.02.28"]

1. c4 Nf6 2. g3 e6 3. Nf3 d5 4. b3 Be7 5. Bg2 O-O 6. O-O d4 7. d3 c5 8. e3 Nc6
9. exd4 cxd4 10. a3 a5 11. Re1 Qc7 12. Bf4 Bd6 13. Bxd6 Qxd6 14. Qe2 b6 15.
Nbd2 Bb7 16. Ng5 Nd7 17. Qe4 Nf6 18. Qh4 h6 19. Nge4 Nxe4 20. Nxe4 Qc7 21. Nd2
Rfd8 22. Nf3 Rd7 23. Qh5 Qd6 24. Nd2 Rf8 25. Qb5 Na7 26. Qe5 Bxg2 27. Kxg2 Nc6
28. Qxd6 Rxd6 29. f4 Ne7 30. b4 Nf5 31. Nf1 Ra8 32. Kf3 g5 33. Rec1 Rad8 34. b5
Ra8 35. Nd2 Ne3 36. Nb3 g4+ 37. Kf2 Nf5 38. a4 Ne3 39. Nxd4 Rxd4 40. Kxe3 Rad8
41. Ra3 Kg7 42. c5 bxc5 43. Rxc5 Rb4 44. Rcc3 Rb2 45. Rab3 Rxh2 46. b6 1-0

[Event "VI Open Internacional Málaga"]
[Site "Málaga ESP"]
[Date "2003.02.22"]
[Round "2.11"]
[White "Cardoso Garcia, Sergio"]
[Black "Ivanov, Jordan"]
[Result "0-1"]
[WhiteElo "2137"]
[BlackElo "2446"]
[PlyCount "74"]
[EventDate "2003.02.21"]
[Source "lmi"]
[SourceDate "2003.02.28"]

1. c4 Nf6 2. Nc3 e5 3. g3 d5 4. cxd5 Nxd5 5. Bg2 Ne7 6. d3 g6 7. Nf3 Bg7 8. O-O
O-O 9. Qc2 h6 10. b3 Nbc6 11. Bb2 a5 12. a3 Be6 13. Na4 Ra7 14. Nc5 Bc8 15.
Rac1 b6 16. Na4 Nd4 17. Nxd4 exd4 18. e4 Be6 19. f4 f5 20. Ba1 fxe4 21. Bxe4
Nf5 22. Rfe1 c5 23. Rb1 Ne3 24. Qc1 g5 25. fxg5 hxg5 26. Nxc5 bxc5 27. Qxc5
Raf7 28. b4 Bh3 29. Qc6 axb4 30. axb4 Bf5 31. Rxe3 dxe3 32. Bd5 Bh3 33. Bc4
Bxa1 34. Rxa1 Kg7 35. Bxf7 Rxf7 36. Qc3+ Qf6 37. Qe1 e2 0-1

[Event "VI Open Internacional Málaga"]
[Site "Málaga ESP"]
[Date "2003.02.22"]
[Round "2.12"]
[White "Ruiz Jimenez, Francisco Jose"]
[Black "Saldaño, Horacio"]
[Result "0-1"]
[WhiteElo "2132"]
[BlackElo "2442"]
[PlyCount "74"]
[EventDate "2003.02.21"]
[Source "lmi"]
[SourceDate "2003.02.28"]

1. e4 c5 2. Nf3 Nc6 3. d4 cxd4 4. Nxd4 g6 5. c4 Bg7 6. Be3 Nf6 7. Nc3 O-O 8.
Be2 d6 9. O-O Bd7 10. Qd2 Nxd4 11. Bxd4 Bc6 12. Bd3 a5 13. b3 Nd7 14. Bxg7 Kxg7
15. Rae1 Nc5 16. Re3 h6 17. Rh3 Rh8 18. f4 Qb6 19. Kh1 a4 20. Bc2 axb3 21. axb3
Nd7 22. Nd5 Bxd5 23. exd5 Ra2 24. Qc3+ Nf6 25. g4 Kg8 26. g5 Ng4 27. gxh6 Rxh6
28. Rxh6 Nxh6 29. f5 g5 30. f6 exf6 31. Qxf6 Rxc2 32. Qxg5+ Kh7 33. Rxf7+ Nxf7
34. Qf5+ Kg7 35. Qxc2 Qe3 36. b4 Qe1+ 37. Kg2 Qxb4 0-1

[Event "VI Open Internacional Málaga"]
[Site "Málaga ESP"]
[Date "2003.02.22"]
[Round "2.13"]
[White "De la Paz, Frank"]
[Black "Sanjuan Garcia, Miguel"]
[Result "1-0"]
[WhiteElo "2441"]
[BlackElo "2132"]
[PlyCount "81"]
[EventDate "2003.02.21"]
[Source "lmi"]
[SourceDate "2003.02.28"]

1. e4 c5 2. Nf3 e6 3. c3 Nf6 4. e5 Nd5 5. d4 cxd4 6. Qxd4 Nc6 7. Qe4 f5 8. exf6
Nxf6 9. Qh4 d5 10. Bd3 Be7 11. Bg5 e5 12. Bg6+ Kf8 13. Bc2 e4 14. Nd4 Nxd4 15.
cxd4 Qb6 16. Bb3 Qxd4 17. Nc3 Qe5 18. Rd1 Be6 19. O-O Rd8 20. Ne2 h6 21. Bf4
Qxb2 22. Nd4 Bf7 23. Qh3 Qa3 24. Rc1 Qa6 25. Rc7 Ne8 26. Rd7 Qf6 27. Be3 Bc5
28. Rxd8 Qxd8 29. Ne6+ Bxe6 30. Qxe6 Qd6 31. Qf5+ Ke7 32. Bxd5 b6 33. Bf4 Qd7
34. Qxe4+ Kd8 35. Be6 Qd4 36. Qc6 Ke7 37. Bg3 Rf8 38. Bb3 Nd6 39. Re1+ Kd8 40.
Qa8+ Nc8 41. Rd1 1-0

[Event "VI Open Internacional Málaga"]
[Site "Málaga ESP"]
[Date "2003.02.22"]
[Round "2.14"]
[White "Rodriguez Vinuesa, Azahara"]
[Black "Herrera, Irisberto"]
[Result "0-1"]
[WhiteElo "2113"]
[BlackElo "2439"]
[PlyCount "82"]
[EventDate "2003.02.21"]
[Source "lmi"]
[SourceDate "2003.02.28"]

1. e4 c5 2. Nf3 d6 3. d4 cxd4 4. Nxd4 Nf6 5. Nc3 a6 6. Be2 e5 7. Nb3 Be7 8. a4
O-O 9. O-O Be6 10. Bg5 Nbd7 11. Re1 Rc8 12. Nd2 h6 13. Be3 Re8 14. Nf1 Nb6 15.
a5 Nc4 16. Bxc4 Rxc4 17. Bb6 Qc8 18. f3 Rb4 19. Rb1 d5 20. Nxd5 Bxd5 21. exd5
Bc5+ 22. Kh1 Bxb6 23. axb6 Rd4 24. Qc1 Rxd5 25. c4 Rc5 26. Ne3 Rc6 27. b4 e4
28. fxe4 Nxe4 29. Kg1 Rxb6 30. c5 Rg6 31. Rb2 Ng5 32. Rf1 Qc6 33. Nf5 Re5 34.
Ng3 Ne4 35. Nxe4 Qxe4 36. Qb1 Qd4+ 37. Kh1 Reg5 38. Rff2 Qd5 39. Qa2 Qxa2 40.
Rxa2 Re6 41. h3 Reg6 0-1

[Event "VI Open Internacional Málaga"]
[Site "Málaga ESP"]
[Date "2003.02.22"]
[Round "2.15"]
[White "Bellon Lopez, Juan Manuel"]
[Black "Gutierrez Castillo, Paloma"]
[Result "1/2-1/2"]
[WhiteElo "2428"]
[BlackElo "2130"]
[PlyCount "92"]
[EventDate "2003.02.21"]
[Source "lmi"]
[SourceDate "2003.02.28"]

1. Nf3 Nf6 2. b3 d5 3. Bb2 e6 4. e3 Be7 5. d4 Nbd7 6. Nbd2 O-O 7. Bd3 c5 8. O-O
b6 9. Ne5 Bb7 10. f4 Ne4 11. Rf3 f5 12. Bxe4 Nxe5 13. fxe5 fxe4 14. Rxf8+ Qxf8
15. Qe2 Bg5 16. Ba3 Qe7 17. Nf1 Rf8 18. Ng3 Qc7 19. Rf1 Rxf1+ 20. Nxf1 cxd4 21.
Qg4 Qxe5 22. Bb2 Qf5 23. Qxf5 exf5 24. Bxd4 f4 25. Kf2 Kf7 26. Be5 fxe3+ 27.
Nxe3 g6 28. c3 Ke6 29. Bb8 a6 30. Bc7 Bf6 31. Bxb6 Bxc3 32. Nc2 Be5 33. Bd4 Bd6
34. h3 Bc6 35. a4 g5 36. Be3 Bf4 37. g3 Bxe3+ 38. Kxe3 Ke5 39. Nd4 Bd7 40. g4
h6 41. a5 Kd6 42. b4 Bb5 43. Nxb5+ axb5 44. Kd4 Kc6 45. Ke3 Kd6 46. Kd4 Kc6
1/2-1/2

[Event "VI Open Internacional Málaga"]
[Site "Málaga ESP"]
[Date "2003.02.22"]
[Round "3.3"]
[White "Rizouk, Aimen"]
[Black "Borbjerggaard, Lars"]
[Result "1-0"]
[WhiteElo "2519"]
[BlackElo "2383"]
[PlyCount "65"]
[EventDate "2003.02.21"]
[Source "lmi"]
[SourceDate "2003.02.28"]

1. e4 c6 2. d4 d5 3. Nc3 dxe4 4. Nxe4 Bf5 5. Ng3 Bg6 6. h4 h6 7. Nf3 Nd7 8. h5
Bh7 9. Bd3 Bxd3 10. Qxd3 Ngf6 11. Bf4 Qa5+ 12. Bd2 Qc7 13. O-O-O O-O-O 14. Kb1
e6 15. Ne4 Nc5 16. Nxc5 Bxc5 17. c4 Rhe8 18. Bc3 Bb6 19. Qc2 c5 20. d5 exd5 21.
cxd5 Ne4 22. Bxg7 c4 23. Be5 Rxe5 24. Nxe5 Qxe5 25. Rhe1 f5 26. f3 Bc5 27. Re2
b5 28. fxe4 f4 29. d6 Rxd6 30. Rxd6 Qxd6 31. e5 Qd5 32. e6 f3 33. e7 1-0

[Event "VI Open Internacional Málaga"]
[Site "Málaga ESP"]
[Date "2003.02.22"]
[Round "3.4"]
[White "Westerinen, Heikki MJ"]
[Black "Cifuentes Parada, Roberto"]
[Result "0-1"]
[WhiteElo "2374"]
[BlackElo "2506"]
[PlyCount "102"]
[EventDate "2003.02.21"]
[Source "lmi"]
[SourceDate "2003.02.28"]

1. e4 c5 2. Nf3 e6 3. c3 d5 4. exd5 Qxd5 5. d4 Nf6 6. Be2 cxd4 7. Qxd4 Nc6 8.
Qxd5 Nxd5 9. g3 Be7 10. Nbd2 O-O 11. Nc4 f6 12. Bd2 e5 13. Ne3 Nb6 14. Nc4 Na4
15. b4 Be6 16. b5 Nd8 17. Ne3 Nf7 18. Bc4 Bxc4 19. Nxc4 Rfc8 20. Ne3 Nxc3 21.
a4 Ne4 22. Nd5 Bc5 23. Be3 Rd8 24. Bxc5 Nxc5 25. Ne3 e4 26. Nd2 Rd4 27. Ndc4
Nd3+ 28. Ke2 Rc8 29. Na5 Nd6 30. Rhd1 Kf7 31. Kf1 Ke6 32. Rd2 Rb4 33. Nc2 Rb2
34. Nd4+ Kd5 35. Rxb2 Nxb2 36. Nab3 Rc3 37. Ra2 Nbc4 38. a5 a6 39. bxa6 bxa6
40. Ra1 Rd3 41. Ke2 Ne5 42. Rb1 Nb5 43. Rc1 Nc3+ 44. Kf1 Nf3 45. Nf5 Kc4 46.
Na1 Nxh2+ 47. Kg2 Ng4 48. Nxg7 Rd2 49. Kh3 Nxf2+ 50. Kh4 Nd3 51. Rf1 e3 0-1

[Event "VI Open Internacional Málaga"]
[Site "Málaga ESP"]
[Date "2003.02.22"]
[Round "3.5"]
[White "Suba, Mihai"]
[Black "Tissir, Mohamed"]
[Result "1/2-1/2"]
[WhiteElo "2501"]
[BlackElo "2366"]
[PlyCount "72"]
[EventDate "2003.02.21"]
[Source "lmi"]
[SourceDate "2003.02.28"]

1. Nf3 Nf6 2. c4 c6 3. Nc3 d5 4. e3 a6 5. a4 e6 6. d4 c5 7. Be2 Nc6 8. O-O dxc4
9. Bxc4 Be7 10. Qe2 O-O 11. Rd1 Qc7 12. h3 Rd8 13. d5 exd5 14. Bxd5 Nb4 15. e4
Nfxd5 16. Nxd5 Nxd5 17. exd5 Bf5 18. Bf4 Qxf4 19. Qxe7 Bxh3 20. Qe5 Qxe5 21.
Nxe5 Bf5 22. Nc4 b5 23. axb5 axb5 24. Nd6 Rxa1 25. Rxa1 g6 26. Nxf5 gxf5 27.
Ra5 Rb8 28. Ra7 Rd8 29. Ra5 Rb8 30. Ra7 c4 31. Rc7 Kg7 32. f4 Ra8 33. Rc5 Ra1+
34. Kh2 Rb1 35. d6 Rd1 36. Rxf5 b4 1/2-1/2

[Event "VI Open Internacional Málaga"]
[Site "Málaga ESP"]
[Date "2003.02.22"]
[Round "3.6"]
[White "Leskovar, Mario"]
[Black "Cramling, Pia"]
[Result "1/2-1/2"]
[WhiteElo "2363"]
[BlackElo "2492"]
[PlyCount "77"]
[EventDate "2003.02.21"]
[Source "lmi"]
[SourceDate "2003.02.28"]

1. e4 c5 2. Nf3 e6 3. Nc3 a6 4. g3 b5 5. Bg2 Bb7 6. d3 d6 7. O-O Nd7 8. a4 b4
9. Nb1 Ngf6 10. Nbd2 Be7 11. Nc4 O-O 12. Bf4 Ne8 13. h4 a5 14. Re1 Ra6 15. e5
Qa8 16. Ne3 dxe5 17. Nxe5 Nxe5 18. Bxe5 f6 19. Bf4 e5 20. Bxb7 Qxb7 21. Nf5 Nd6
22. Nxe7+ Qxe7 23. Be3 Rc6 24. Qf3 Rfc8 25. c3 Qe6 26. d4 cxd4 27. cxd4 e4 28.
Qh5 f5 29. Rad1 Qd5 30. Bf4 Nf7 31. Qe2 Rc4 32. g4 g6 33. gxf5 gxf5 34. Qe3 Kh8
35. Kh2 Rc2 36. Rg1 Rg8 37. h5 Rg4 38. Rxg4 fxg4 39. h6 1/2-1/2

[Event "VI Open Internacional Málaga"]
[Site "Málaga ESP"]
[Date "2003.02.22"]
[Round "3.8"]
[White "Aleksieva, Silvia"]
[Black "Cabrera, Alexis"]
[Result "0-1"]
[WhiteElo "2333"]
[BlackElo "2478"]
[PlyCount "50"]
[EventDate "2003.02.21"]
[Source "lmi"]
[SourceDate "2003.02.28"]

1. c4 g6 2. Nc3 Bg7 3. g3 e5 4. Bg2 d6 5. d3 f5 6. e3 Nf6 7. Nge2 O-O 8. Qd2 c6
9. f4 exf4 10. gxf4 d5 11. b3 Ng4 12. d4 Re8 13. Nd1 Qh4+ 14. Kf1 dxc4 15. bxc4
Be6 16. h3 Nf6 17. Rb1 Bxc4 18. Rxb7 Nh5 19. Kg1 Ba6 20. Rxg7+ Kxg7 21. Nec3
Nd7 22. Nd5 cxd5 23. Bxd5 Rac8 24. Kh2 Ndf6 25. Bf3 Bd3 0-1

[Event "VI Open Internacional Málaga"]
[Site "Málaga ESP"]
[Date "2003.02.22"]
[Round "3.9"]
[White "Cheparinov, Ivan"]
[Black "Bosboom Lanchava, Tea"]
[Result "1-0"]
[WhiteElo "2478"]
[BlackElo "2325"]
[PlyCount "74"]
[EventDate "2003.02.21"]
[Source "lmi"]
[SourceDate "2003.02.28"]

1. e4 c5 2. Nf3 Nc6 3. d4 cxd4 4. Nxd4 Qc7 5. Nc3 e6 6. Be3 a6 7. Qd2 b5 8.
O-O-O Bb7 9. Nxc6 Qxc6 10. Kb1 d6 11. f3 Nf6 12. g4 Nd7 13. Bd3 Ne5 14. Qg2 Rc8
15. Ne2 Be7 16. Nd4 Qc7 17. f4 Nc4 18. Bc1 Qb6 19. Nf3 d5 20. e5 b4 21. f5 a5
22. g5 g6 23. fxe6 fxe6 24. h4 a4 25. h5 b3 26. cxb3 axb3 27. hxg6 bxa2+ 28.
Ka1 Na5 29. Nd4 Rxc1+ 30. Rxc1 Qxd4 31. Bb5+ Kd8 32. Qc2 Qxe5 33. Rxh7 Rg8 34.
Qa4 Nc4 35. Bxc4 dxc4 36. Rd1+ Bd5 37. Qa8+ Kd7 1-0

[Event "VI Open Internacional Málaga"]
[Site "Málaga ESP"]
[Date "2003.02.22"]
[Round "3.10"]
[White "Paz Ladron de Guevara, Daniel"]
[Black "Matamoros Franco, Carlos"]
[Result "1/2-1/2"]
[WhiteElo "2323"]
[BlackElo "2460"]
[PlyCount "67"]
[EventDate "2003.02.21"]
[Source "lmi"]
[SourceDate "2003.02.28"]

1. e4 c5 2. Nf3 e6 3. Nc3 a6 4. a4 Nc6 5. d4 cxd4 6. Nxd4 Qc7 7. g3 Nf6 8. Bg2
Nxd4 9. Qxd4 Bc5 10. Bf4 d6 11. Qd2 h6 12. Rd1 e5 13. Be3 Ke7 14. Bxc5 Qxc5 15.
O-O Bg4 16. Rc1 Be6 17. Nd1 b5 18. axb5 axb5 19. h3 Ra4 20. Re1 Rc8 21. Kh2 Kf8
22. Re3 Rc4 23. Rc3 Qb4 24. Ne3 Rxc3 25. bxc3 Nxe4 26. Bxe4 Qxe4 27. Qxd6+ Kg8
28. Qd3 Qf3 29. Rf1 e4 30. Qxb5 Rxc3 31. Qb8+ Kh7 32. Qf4 Qxf4 33. gxf4 g5 34.
Kg3 1/2-1/2

[Event "VI Open Internacional Málaga"]
[Site "Málaga ESP"]
[Date "2003.02.22"]
[Round "3.11"]
[White "Ivanov, Jordan"]
[Black "Wempe, Joost"]
[Result "1-0"]
[WhiteElo "2446"]
[BlackElo "2313"]
[PlyCount "69"]
[EventDate "2003.02.21"]
[Source "lmi"]
[SourceDate "2003.02.28"]

1. Nf3 d5 2. d4 Nf6 3. c4 dxc4 4. e3 Bg4 5. Bxc4 e6 6. Qb3 Bxf3 7. gxf3 Nbd7 8.
Qxb7 c5 9. dxc5 Bxc5 10. f4 Nd5 11. Bxd5 Rb8 12. Qa6 exd5 13. Nc3 O-O 14. Nxd5
Ne5 15. Nf6+ gxf6 16. fxe5 fxe5 17. Rg1+ Kh8 18. a3 Qh4 19. b4 Bb6 20. Qf1 f6
21. Bd2 Rbe8 22. Rc1 Rg8 23. Rxg8+ Rxg8 24. h3 Qe4 25. Rc4 Qd5 26. e4 Qd7 27.
Rc3 Rd8 28. Qe2 Qd4 29. Qe3 Qd6 30. Qh6 Bxf2+ 31. Kxf2 Qxd2+ 32. Qxd2 Rxd2+ 33.
Kf3 Rd7 34. Kg4 Kg7 35. Kf5 1-0

[Event "VI Open Internacional Málaga"]
[Site "Málaga ESP"]
[Date "2003.02.22"]
[Round "3.12"]
[White "Saldaño, Horacio"]
[Black "Diez Gonzalez, Pedro Maria"]
[Result "1-0"]
[WhiteElo "2442"]
[BlackElo "2300"]
[PlyCount "71"]
[EventDate "2003.02.21"]
[Source "lmi"]
[SourceDate "2003.02.28"]

1. e4 c5 2. Nf3 e6 3. d4 cxd4 4. Nxd4 Nf6 5. Nc3 d6 6. g3 Be7 7. Bg2 O-O 8. O-O
Nc6 9. b3 Nxd4 10. Qxd4 Bd7 11. Bb2 Qc7 12. Nd1 Bc6 13. c4 b6 14. Nc3 Rac8 15.
Rac1 Qb7 16. Rfe1 Rfd8 17. b4 Qb8 18. Nd5 Bxd5 19. cxd5 e5 20. Qd3 Rxc1 21.
Rxc1 Rc8 22. Rc6 Rxc6 23. dxc6 b5 24. Bf1 Bd8 25. Qxb5 Bb6 26. Qc4 Ng4 27. Be2
Nxf2 28. Kf1 Nh3 29. Ke1 Qd8 30. Bc1 Ng1 31. Be3 Bxe3 32. c7 Qc8 33. Bg4 Nf3+
34. Ke2 Nd2 35. Bxc8 Nxc4 36. Ba6 1-0

[Event "VI Open Internacional Málaga"]
[Site "Málaga ESP"]
[Date "2003.02.22"]
[Round "3.14"]
[White "Herrera, Irisberto"]
[Black "Muñoz Moreno, Francisco Javier"]
[Result "1/2-1/2"]
[WhiteElo "2439"]
[BlackElo "2291"]
[PlyCount "80"]
[EventDate "2003.02.21"]
[Source "lmi"]
[SourceDate "2003.02.28"]

1. e4 e5 2. Nf3 Nc6 3. Bb5 a6 4. Ba4 Nf6 5. O-O Be7 6. Re1 b5 7. Bb3 d6 8. c3
O-O 9. d4 Bg4 10. Be3 exd4 11. cxd4 Na5 12. Bc2 Nc4 13. Bc1 c5 14. b3 Nb6 15.
d5 Nfd7 16. Nbd2 Bf6 17. Rb1 Re8 18. h3 Bh5 19. g4 Bg6 20. Nf1 Bc3 21. Re3 b4
22. Ng3 c4 23. Nd4 cxb3 24. axb3 Nc5 25. Nc6 Qh4 26. Kg2 Rac8 27. f4 h6 28. f5
Bh7 29. Ne2 Be5 30. Nxe5 Rxe5 31. Nd4 Ree8 32. Nf3 Qd8 33. Bb2 Ncd7 34. Re2 Ne5
35. Nxe5 dxe5 36. Bd3 Ra8 37. Rc1 Qb8 38. Rc6 f6 39. Qg1 Nd7 40. Bxa6 Rxa6
1/2-1/2

[Event "VI Open Internacional Málaga"]
[Site "Málaga ESP"]
[Date "2003.02.22"]
[Round "3.15"]
[White "Collas, Didier"]
[Black "Bouzo Alvarez, Jose Antonio"]
[Result "1-0"]
[WhiteElo "2422"]
[BlackElo "2286"]
[PlyCount "119"]
[EventDate "2003.02.21"]
[Source "lmi"]
[SourceDate "2003.02.28"]

1. e4 d6 2. d4 Nf6 3. Nc3 g6 4. Bc4 Bg7 5. Qe2 Nc6 6. e5 Nxd4 7. exf6 Nxe2 8.
fxg7 Rg8 9. Ngxe2 Rxg7 10. Bh6 Rg8 11. O-O-O Be6 12. Bxe6 fxe6 13. Rhe1 Qd7 14.
Nf4 e5 15. Rxe5 dxe5 16. Rxd7 Kxd7 17. Nd3 c6 18. Ne4 b6 19. Nxe5+ Ke6 20. Nf3
Rad8 21. h4 Rd5 22. Be3 h5 23. c4 Rd3 24. Neg5+ Kf6 25. Bd4+ e5 26. Bxe5+ Kf5
27. Bc3 c5 28. Kc2 Rd7 29. Ne5 Re7 30. Ngf3 Rd8 31. g3 Re6 32. Ng5 Re7 33. Nef7
Re2+ 34. Kb3 Rd4 35. f3 Kf6 36. Bxd4+ cxd4 37. Nd6 d3 38. Kc3 Rc2+ 39. Kxd3
Rxb2 40. Nde4+ Ke5 41. Nc3 a6 42. a4 Rg2 43. Nge4 Rb2 44. c5 bxc5 45. Nxc5 a5
46. N5e4 Rb4 47. Nd2 Rd4+ 48. Kc2 Rd8 49. Ne2 Rb8 50. Nc4+ Kf6 51. Nc3 Ra8 52.
Kd3 Rd8+ 53. Ke3 Ra8 54. Nd5+ Kf5 55. Ne7+ Kf6 56. Nc6 g5 57. hxg5+ Kxg5 58.
N4xa5 Kf6 59. Kf2 Ra6 60. Kg2 1-0

[Event "VI Open Internacional Málaga"]
[Site "Málaga ESP"]
[Date "2003.02.23"]
[Round "4.3"]
[White "Cifuentes Parada, Roberto"]
[Black "Saldaño, Horacio"]
[Result "1-0"]
[WhiteElo "2506"]
[BlackElo "2442"]
[PlyCount "57"]
[EventDate "2003.02.21"]
[Source "lmi"]
[SourceDate "2003.02.28"]

1. d4 g6 2. e4 Bg7 3. c4 c5 4. d5 d6 5. f4 e6 6. Nc3 exd5 7. cxd5 a6 8. Nf3 Ne7
9. a4 Bg4 10. Be2 Bxf3 11. Bxf3 Nd7 12. O-O O-O 13. Be3 Rb8 14. Qd3 f5 15. g4
Bxc3 16. Qxc3 Nf6 17. gxf5 gxf5 18. e5 Ng4 19. Bxg4 fxg4 20. f5 dxe5 21. Rad1
Qd6 22. Qc4 b6 23. Qxg4+ Kh8 24. Kh1 Rf7 25. Bg5 Rg8 26. f6 Ng6 27. Qe6 Qd7 28.
Qxd7 Rxd7 29. f7 1-0

[Event "VI Open Internacional Málaga"]
[Site "Málaga ESP"]
[Date "2003.02.23"]
[Round "4.5"]
[White "Baron Rodriguez, Jesus"]
[Black "Cheparinov, Ivan"]
[Result "1/2-1/2"]
[WhiteElo "2414"]
[BlackElo "2478"]
[PlyCount "89"]
[EventDate "2003.02.21"]
[Source "lmi"]
[SourceDate "2003.02.28"]

1. e4 c5 2. Nc3 Nc6 3. f4 g6 4. Nf3 Bg7 5. Bb5 Nd4 6. O-O Nxb5 7. Nxb5 d5 8. e5
d4 9. c3 a6 10. Na3 b5 11. Nc2 d3 12. Ne3 Nh6 13. b3 Bb7 14. Bb2 O-O 15. c4 Qd7
16. Qe1 f6 17. Qg3 Kh8 18. Rae1 Rfd8 19. exf6 exf6 20. f5 gxf5 21. Nh4 Re8 22.
Nhxf5 Nxf5 23. Nxf5 Re2 24. Nxg7 Qxg7 25. Qxg7+ Kxg7 26. Rxe2 dxe2 27. Re1 Re8
28. Kf2 Kf7 29. g3 bxc4 30. bxc4 Be4 31. Rxe2 Bd3 32. Rxe8 Kxe8 33. Bxf6 Bxc4
34. a3 a5 35. Ke3 Kd7 36. g4 a4 37. h4 Ke6 38. Bc3 Bb3 39. Kf4 c4 40. Ke4 Bd1
41. g5 Kf7 42. Kd5 Bb3 43. h5 Kg8 44. Ke5 Ba2 45. g6 1/2-1/2